Trăng khuyết [truyện ngắn]

Giới thiệu tuyển tập những truyện ngắn của Trần Thu Hằng.

Đã lưu trong:
书目详细资料
主要作者: Trần, Thu Hằng
格式: 图书
语言:Undetermined
出版: Thành phố Hồ Chí Minh Thanh niên 2006
主题:
标签: 添加标签
没有标签, 成为第一个标记此记录!
Thư viện lưu trữ: Trung tâm Học liệu Trường Đại học Cần Thơ
LEADER 00683nam a2200217Ia 4500
001 CTU_118737
008 210402s9999 xx 000 0 und d
020 |c 18000 
082 |a 895.922331 
082 |b H116 
100 |a Trần, Thu Hằng 
245 0 |a Trăng khuyết [truyện ngắn] 
245 0 |c Trần Thu Hằng 
260 |a Thành phố Hồ Chí Minh 
260 |b Thanh niên 
260 |c 2006 
520 |a Giới thiệu tuyển tập những truyện ngắn của Trần Thu Hằng. 
650 |a Short stories 
650 |x Vietnamese 
904 |i Hiếu 
980 |a Trung tâm Học liệu Trường Đại học Cần Thơ